000 00514nam a2200193Ia 4500
008 151121s9999||||xx |||||||||||||| ||und||
082 _a030/Kir
082 _bHNW-4825
100 _aKirloskar M।S। -Edi।
245 _aIndustrial Maharashtra
260 _b"Kirloskar Press Publication,"
260 _c--
300 _a127
600 _aKirloskar M।S। -Edi।
630 _aIndustrial Maharashtra
700 _aKirloskar M।S। -Edi।
730 _aIndustrial Maharashtra
942 _cBOOK
999 _c1212876
_d1212873